Monografía histórica de Valparaíso: desde su descubrimiento hasta nuestros días 1536-1910

Saved in:
Bibliografiske detaljer
Hovedforfatter: Silva, Victor Domingo (Author)
Format: Bog
Sprog:spansk
Udgivet: Valparaíso, Chile Scherrer y Herrmann 1910
Fag:
Tags: Tilføj Tag
Ingen Tags, Vær først til at tagge denne postø!

MARC

LEADER 00000nam a2200000 a 4500
001 UCO2656
003 CL-VaPUC
005 20210804001430.0
008 000608e19100000CL |||||||||||||||||spa|d
999 |c 289158  |d 289156 
040 |c Pontificia Universidad Católica de Valparaíso 
082 0 4 |a 983.255 SIL 1910  |2 21 
100 0 |a Silva, Victor Domingo  |e author  |9 446134 
245 1 0 |a Monografía histórica de Valparaíso:  |b  desde su descubrimiento hasta nuestros días 1536-1910 
260 |a Valparaíso, Chile  |b Scherrer y Herrmann  |c 1910 
300 |a 74 páginas 
583 |a last modification  |c 20000608 00:00:00  |k Rodrigo Vera 
650 0 |a Ciudades  |z VALPARAISO  |z CHILE  |9 265474 
650 0 |a Historia  |z VALPARAISO  |z CHILE  |9 255047 
852 |a BIBCUR 
942 |c BK  |2 ddc 
945 |d 20000608 00:00:00  |a crobeson 
952 |0 0  |1 0  |2 ddc  |4 0  |6 983_255000000000000_SIL_1910  |7 0  |8 X  |9 337365  |a BIBHIS  |b BIBHIS  |d 2019-11-20  |i 1293923  |o 983.255 SIL 1910  |p 1293923  |r 2024-01-30  |t 1  |w 2019-11-20  |y BK_X  |k HIS